000 00548nam a2200205Ia 4500
003 GCL
008 140319s9999 xx 000 0 ara d
040 _aGCL /
_cGCL
082 0 4 _a811.9
_bا م
100 1 _aاحمد شوقى
245 1 0 _aمصرع كليوباترا /
_cاحمد شوقى
300 _a192 ص
490 _a
650 0 4 _aالمسرحيات
650 0 4 _aالموسيقى المسرحية
650 0 4 _aالاوبريت
650 0 4 _aالموسيقى الغنائية
650 0 4 _aكليوباترا
942 _2ddc
_cBK
999 _c38150
_d38150